| 000 | 00474cam1a220018100 4500 | ||
|---|---|---|---|
| 001 | tmp16002553 | ||
| 003 | UPRA | ||
| 005 | 20190830105628.0 | ||
| 008 | 951120s1938 sz ger u | ||
| 035 | _a(Sirsi) r26420 | ||
| 035 | _a(UPRA)tmp16002553 | ||
| 040 | _cUPRA | ||
| 100 | 1 |
_aHilm, Carl. _6A90139.1 |
|
| 245 | 1 | 4 |
_aEin Gralspiel : _bin drei Akten. |
| 260 |
_aZurich : _bRascher, _c[1938] |
||
| 949 |
_aPT2617.I4 _wlcc _i-27162 _mMAIN _tBOOK _lON-SHELF |
||
| 004 | 26420 | ||
| 999 |
_c187125 _d187125 |
||